Fr. Conceicao Rodrigues College of Engineering

Text Book of Production Technology (Record no. 33328)

MARC details
000 -LEADER
fixed length control field 00292nam a2200133Ia 4500
082 ## - DEWEY DECIMAL CLASSIFICATION NUMBER
Classification number 671/SHA
100 ## - MAIN ENTRY--PERSONAL NAME
Personal name SHARMA/P.C.
245 ## - TITLE STATEMENT
Title Text Book of Production Technology
260 ## - PUBLICATION, DISTRIBUTION, ETC.
Name of publisher, distributor, etc. Tech-Max Publ.
Place of publication, distribution, etc. Pune
Date of publication, distribution, etc. 2009
300 ## - PHYSICAL DESCRIPTION
Extent 822
546 ## - LANGUAGE NOTE
Language note ENGLISH
650 ## - SUBJECT ADDED ENTRY--TOPICAL TERM
Topical term or geographic name entry element PRODUCTION
942 ## - ADDED ENTRY ELEMENTS (KOHA)
Koha item type BOOK
Holdings
Withdrawn status Lost status Damaged status Not for loan Collection Home library Current library Date acquired Cost, normal purchase price Total Checkouts Full call number Barcode Date due Date last seen Date last checked out Cost, replacement price Price effective from Koha item type
        AFT Fr. Agnel's C.Rodrigues College of Engineering Fr. Agnel's C.Rodrigues College of Engineering 17/03/2023 350.00 1 671/SHA AFT8132 29/11/2024 31/08/2024 31/08/2024 350.00   BOOK